| 000 | 00577nam a2200241Ia 4500 | ||
|---|---|---|---|
| 003 | 0100 | ||
| 008 | 130227s9999 xx 000 0 und d | ||
| 040 | _cARRUPELIB | ||
| 050 | _aPQ4315.58.R4 | ||
| 100 | _aDante Alighieri | ||
| 245 | _aLa Vita nuova | ||
| 245 | _bPoems of youth | ||
| 260 | _aHarmondsworth | ||
| 260 | _bPenguin Books | ||
| 260 | _C1969 | ||
| 300 | _a123p | ||
| 300 | _b 18cm | ||
| 440 | _aPenguin classics | ||
| 650 | _bInterpersonal Relations | ||
| 650 | _cTeachers - Student Relations | ||
| 700 | _aReynolds, Barbara (tr) | ||
| 942 |
_2lcc _01 |
||
| 999 |
_c3754 _d3754 |
||